000 00503nam a22001817a 4500
003 CEME
005 20210628203920.0
008 210305b xxu||||| |||| 00| 0 eng d
020 _a0-03-041811-9
040 _c.
082 _a954.91 SAY'P
100 _aSayeed, Khalid B
_916627
245 _aPolitics in pakistan , the nature and direction of change
260 _aNEWDELHI
_bCONCEPT PUBLISHING
_c1995
300 _aIX, 235P
650 _aPAKISTAN POLITICS AND GOVERNMENT
_937702
942 _cBK
_2ddc
999 _c575529
_d575529